00496nam a2200145Ia 4500008004100000041000800041082001600049100001800065245004500083260004300128300003300171365000700204999001700211952012200228240624s9999 xx 000 0 und d aeng a658.402 SEN aSENGE PETER M aFIFTH DISCIPLINE THE ART AND PRACTICE OF c1990aNew YorkbCurrency and Doubleday axxiii, : 445 : p. : cm. ; 23 cRS c17325d17325 00104070aIMTNbIMTNcRack 26-Bd2011-06-30eFKg828.00o658.402 SENp17325r2024-06-24 00:00:00t1w2024-06-24yBK